000 00554nam a22001337a 4500
082 _a823
_bKEL/S
100 _aKELLER, HELEN
245 _aTHE STORY OF MY LIFE
260 _aAGRA
_bOSWAL BOOKS
300 _a256
520 _aThe Story of My Life (1903) chronicles the early years of Helen Keller, a young woman who became both deaf and blind at a young age. The book explores the challenges she faced growing up as a child with disabilities, and introduces the amazing people who helped her along the way.
650 _aAUTOBIOGRAPHY
_zINDIA
942 _cBK
999 _c3392
_d3392